00326 a2200109 4500001001000000005001700010008004100027245003800068100002100106773007200127999001700199ART_2812720260410161951.0260409a 10aCentral banks and price stability1 aBlejer, Mario I.0 tJournal of applied economicsg- Vol. 1, NÂș 1 (nov. 1998)wREV28044 c30374d30374